00366nam a22001217a 4500008004100000040005500041080001500096245003000111260005000141650001500191653001100206700002700217230612b |||||||| |||| 00| 0 eng d aNational Science LibrarycNational Science Library aR 912 bJ6 aStandard reference atlas  aLondon: bGeorge Philip & Son Limited, c1956 aGeography  aAtlas  aGoodall, George (Ed.)